00000000nam##2200000za#4500
0019.676698
003CaOODSP
00520210624230016
007cr |||||||||||
008150407|1999||||xxc|||||o    f|0| 0 fre|d
040 |aCaOODSP|bfre
041 |aeng
041 |afre
043 |an-cn---
0861 |aR32-216/2000-PDF
1101 |aCanada.|bAffaires indiennes et du Nord.
24510|aNunavut / |h[ressource électronique]|csource [photo]: Hans Blohm et Tessa Macintosh.
260 |aOttawa - Ontario : |bAffaires indiennes et du Nord |c[1999].
300 |a4p.|bfigures en couleur, photographies
500 |a« Le 1er avril 1999, les Canadiens et les Canadiennes tourneront leur regard vers le Nord pour être témoins d'un événement marquant dans l'évolution de notre pays — la création d'un nouveau territoire, le Nunavut. »--p.1 de 4.
546 |aTexte en français, anglais et inuktitut.
590 |a13-23-Supp|b2013-10-08
69107|aAutonomie gouvernementale|2gcpds
69107|aNord canadien|2gcpds
791 |tNunavut / |eeng|w(CaOODSP)9.676697
85640|ahttp://publications.gc.ca|qPDF|s504 Ko|uhttps://publications.gc.ca/collections/Collection/R32-216-2000.pdf